[Event "Mondariz op 8th"]
[Site "Mondariz"]
[Date "2011.04.20"]
[Round "5"]
[White "Juan Morado, Miguel"]
[Black "Fernandez Rey, Jorge"]
[Result "1-0"]
[WhiteElo "1910"]
[BlackElo "1688"]
[PlyCount "107"]
[EventDate "2011.04.16"]
[EventType "swiss"]
[EventRounds "8"]
[EventCountry "ESP"]
[SourceTitle "EXT 2012"]
[Source "ChessBase"]
[SourceDate "2011.11.24"]
[SourceVersion "1"]
[SourceVersionDate "2011.11.24"]
[SourceQuality "1"]

1. e4 Nf6 2. e5 Nd5 3. d4 d6 4. c4 Nb6 5. exd6 cxd6 6. Nc3 Bf5 7. Nf3 Qc8 8. b3 Nc6 9. Be3 g6 10. Bd3 Nb4 11. Bxf5 Qxf5 12. 0-0 Bg7 13. Rc1 0-0 14. Qd2 e5 15. d5 e4 16. Nxe4 Qxe4 17. Qxb4 Nxd5 18. Qxb7 Nc3 19. Qxe4 Nxe4 20. Bd4 Nd2 21. Nxd2 Bxd4 22. Nf3 Bb2 23. Rcd1 Ba3 24. Rfe1 a5 25. Kf1 a4 26. Rb1 axb3 27. axb3 Bb4 28. Re2 Rfb8 29. Nd4 Bc5 30. Nb5 Rb7 31. Rd2 Bb4 32. Rd5 Ra6 33. Rbd1 Rbb6 34. g3 Kf8 35. Kg2 Ke7 36. R1d3 Ra2 37. Re3+ Kd7 38. Red3 Rb2 39. Nxd6 Rxd6 40. Rxd6+ Bxd6 41. c5 Rc2 42. cxd6 Rc6 43. Kf3 Rxd6 44. Rxd6+ Kxd6 45. Ke4 f6 46. f4 Kc5 47. h4 h5 48. f5 g5 49. hxg5 fxg5 50. b4+ Kd6 51. b5 h4 52. gxh4 gxh4 53. b6 h3 54. Kf3 1-0

[Event "Mondariz op 8th"]
[Site "Mondariz"]
[Date "2011.04.16"]
[Round "1"]
[White "Renteria Becerra, Jorge Elicer"]
[Black "Juan Morado, Miguel"]
[Result "1-0"]
[WhiteElo "2292"]
[BlackElo "1910"]
[PlyCount "77"]
[EventDate "2011.04.16"]
[EventType "swiss"]
[EventRounds "8"]
[EventCountry "ESP"]
[SourceTitle "EXT 2012"]
[Source "ChessBase"]
[SourceDate "2011.11.24"]
[SourceVersion "1"]
[SourceVersionDate "2011.11.24"]
[SourceQuality "1"]

1. e4 Nf6 2. e5 Nd5 3. c4 Nb6 4. d4 d6 5. exd6 cxd6 6. Nc3 g6 7. Be3 Bg7 8. Rc1 0-0 9. b3 d5 10. c5 N6d7 11. Nxd5 e5 12. dxe5 Nxe5 13. Be2 Nbc6 14. Nf3 Be6 15. Nf4 Qa5+ 16. Qd2 Nxf3+ 17. Bxf3 Qxd2+ 18. Bxd2 Rfe8 19. 0-0 Rad8 20. Bxc6 bxc6 21. Ba5 Rd4 22. Nxe6 Rxe6 23. Rfe1 Rde4 24. Rxe4 Rxe4 25. Kf1 Kf8 26. f3 Rd4 27. Bc3 Rd5 28. Bxg7+ Kxg7 29. Ke2 Kf6 30. b4 h5 31. Rc3 Ke7 32. Ra3 Rd7 33. Ra6 Rc7 34. Kd3 Ke6 35. Kc4 Kd7 36. a4 Rb7 37. b5 cxb5+ 38. axb5 Rc7 39. Kd5 1-0